|
|
|
|
| LEADER |
01342nam a2200325 4500 |
| 001 |
DLU140160355 |
| 005 |
##20140228 |
| 040 |
# |
# |
|a DLU
|b vie
|
| 041 |
# |
# |
|a vie
|
| 044 |
# |
# |
|a vn
|
| 082 |
# |
# |
|a 305.895 922
|b DUA
|
| 110 |
# |
# |
|a Dự án Phát triển Giáo viên Trung học Phổ thông & Trung học Chuyên nghiệp.
|
| 245 |
# |
# |
|a Một số vấn đề văn hoá phong tục các dân tộc ít người ở Việt Nam /
|c Dự án Phát triển Giáo viên Trung học Phổ thông & Trung học Chuyên nghiệp.
|
| 260 |
# |
# |
|a Cần Thơ :
|b Đại học Cần Thơ,
|c 2013.
|
| 300 |
# |
# |
|a 296 tr. ;
|c 27 cm.
|
| 490 |
# |
# |
|a Dự án Phát triển Giáo viên Trung học Phổ thông & Trung học Chuyên nghiệp
|
| 504 |
# |
# |
|a Tài liệu tham khảo: tr.252.
|
| 505 |
# |
# |
|a Phần I. Một số đặc điểm cơ bản các dân tộc thiểu số ở Việt Nam -- Phần II. Văn hoá các dân tộc thiểu số ở Việt Nam -- Phần III. Phong tục tập quán của các dân tộc thiểu số ở Việt Nam.
|
| 651 |
# |
# |
|a Việt Nam
|x Đời sống xã hội và tập quán.
|
| 923 |
# |
# |
|a 11/2013
|
| 991 |
# |
# |
|a SH
|
| 992 |
# |
# |
|a 14800
|
| 994 |
# |
# |
|a DLU
|
| 900 |
# |
# |
|a True
|
| 911 |
# |
# |
|a Đào Thị Thu Huyền
|
| 925 |
# |
# |
|a G
|
| 926 |
# |
# |
|a A
|
| 927 |
# |
# |
|a SH
|
| 980 |
# |
# |
|a Thư viện Trường Đại học Đà Lạt
|